| 000 | 04654nam a2200481 a 4500 | ||
|---|---|---|---|
| 001 | dia_3664 | ||
| 003 | CHAP | ||
| 005 | 20250227134858.0 | ||
| 007 | ta | ||
| 008 | 220601s2006 mx ado frm 001 0 spa d | ||
| 040 |
_amxchpua _cCHAP _erda |
||
| 041 | 0 |
_aspa _beng |
|
| 090 |
_aTesis _bV37 _c2006 |
||
| 100 | 1 | _aVásquez Soriano, Verónica Marcela | |
| 240 | 1 | 0 |
_aIndustrialization (confectionary) of the pumpkin (Curcubita pepo L.). _lEspañol |
| 245 | 1 | 0 |
_aAlternativas de industrialización (confitería) de la calabaza (Cucurbita pepo L.) / _cVerónica Marcela Vásquez Soriano |
| 264 |
_aChapingo, México : _bEl autor, _c2006 |
||
| 300 |
_avi, 175 hojas : _bilustraciones, gráficas, diagramas, tablas, fotos |
||
| 336 |
_2rdacontent _atexto _btxt |
||
| 337 |
_2rdamedia _ano mediado _bn |
||
| 338 |
_2rdacarrier _avolumen _bnc |
||
| 502 |
_aTesis _b(Ingeniero Agroindustrial) -- _cUACh. Departamento de Ingenieria Agroindustrial, _d2006 |
||
| 504 | _aBibliografía: hojas 94-100 | ||
| 520 | 3 | _aDel fruto maduro de la calabaza, las semillas tienen mayor importancia económica que la pulpa (generalmente utilizada como forraje constituye el desecho). Una alternativa para el aprovechamiento integral de este fruto es la capacitación y difusión de los productos que se elaboran con éste, con esta finalidad se realizó esta investigación. Para ello se hizo fase de gabinete: investigación documental sobre el tema. Fase de laboratorio: estandarización de los procesos de elaboración de dulces con la calabaza. La formulación idónea para cada producto, se seleccionó a través de una valoración cualitativa de 6 personas que degustaron los productos. Para el jamoncillo se aplicó una prueba de preferencia por ordenamiento. Fase de campo: validación de los manuales, consistió en una autoevaluación del nivel de aprendizaje adquirido por los participantes en la capacitación en Tlaxcala. Se obtuvieron 6 diferentes dulces del fruto maduro de la calabaza (jamoncillo de pepita, pepitas garapiñadas, palanqueta de pepitas, mermelada de calabaza, calabaza cristalizada y calabaza achicalada) y 5 manuales de procesos para elaborar estos dulces. La evaluación de estos documentos evidenció que no eran 100% entendibles para un público en general, por lo que se mejoraron. La validación permitió obtener manuales mejorados que cumplieran con las necesidades de capacitación de un grupo de demandantes de éstas tecnologías. -- | |
| 520 | 3 | _aThe seeds of the ripe fruit of the pumpkin have greater economic importance than the pulp, which used generally as forage, constitutes the waste. An alternative to make the most out of this fruit is the training in the fruit processing and diffusion of the products elaborated with it. This was the purpose of this investigation. First, a phase of cabinet was carried out: a documentary research on the subject. Then came the phase of laboratory: processes standardization candy elaboration with the pumpkin. The suitable formulation for each product was selected through a qualitative evaluation made by six people who tasted the products. A test of preference by ordering was applied regarding jamoncillo. Finally, the field phase was carried out. It was a validation of the fruit processing. It consisted of a self evaluation about the level of learning acquired by the training in the participants in the state of Tlaxcala. Six different kinds of candies from the ripe pumpkin fruit (jamoncillo of dried pumpkin seeds, garapiñadas dried pumpkin seeds, brittle dried pumpkin seeds, pumpkin jam, crystallized pumpkin and achicalada pumpkin) and five to manuals to elaborate these candies were finally obtained. The evaluation of these manuals demonstrated that they were not 100% understandable for people in general; so they were improved. This validation mades possible to obtain improved manual improved the training needs of a group of people who required. | |
| 650 | 1 | 3 |
_aCalabaza confitera _xGolosinas _2atg |
| 650 | 1 | 3 |
_aProductos frutales _2atg |
| 650 | 1 | 3 |
_aCompotas de fruta _2atg |
| 650 | 1 | 3 |
_aWinter squashes _xCandy _2atg |
| 650 | 1 | 3 |
_aFruit products _2atg |
| 650 | 1 | 3 |
_aFruit compotes _2atg |
| 700 | 1 |
_aHernández Montes, Arturo _edirector |
|
| 700 | 1 |
_aEsparza Torres, Félix _easesor |
|
| 700 | 1 |
_aRamírez Sepúlveda, Marco Favio _easesor |
|
| 856 | 4 | 1 |
_uhttp://10.13.5.2/tesis/104855.pdf _yDESCARGAR PDF |
| 901 | _aTESIS V37 2006 | ||
| 902 | _aM | ||
| 905 | _a0000002006 mx 0000000000spa00 | ||
| 942 |
_cTESIS _2Clasificación Universidad Autónoma Chapingo |
||
| 999 |
_c209375 _d209375 |
||